01120 2200373 4500001002100000005001500021035002000036007000300056008004100059020002200100040002200122082001200144084001400156090001800170090002200188100002600210245009500236250003200331300004400363650001500407850001200422504003300434264005100467336002100518337003000539338002300569999002200592990002200614990002200636990002200658990002200680990002200702990002200724INLIS00000000084889320200729122751 a0010-0619000848ta190627s2015 yoia g ind d a978-602-0830-02-5 aYOPDYOGbinderda0 222a370 a370 PAU p aDEP 370 PAU p aCB-D.11 2015-28930 aPaul Suparnoepenulis10aPembelajaran di perguruan tinggi bergaya paradigma pedagogi refleksi (PPR) /cPaul Suparno aCetakan pertama, April 2015 avi, 125 halaman :btabel, foto ;c23 cm 4aPendidikan aYOPDYOG aBibliografi: halaman 121-12331aYogyakarta :bUniversitas Sanata Dharma,c2015 2rdacontentateks 2rdamediaatanpa perantara 2rdacarrieravolume aCB-D.11/2015-2893 aCB-D.11/2015-2891 aCB-D.11/2015-2893 aCB-D.11/2015-2893 aCB-D.11/2015-2891 aCB-D.11/2015-2891 aCB-D.11/2015-2893